S-Bahnen in Deutschland - Statistiken

Allgemein
  • Dieses Quiz wurde 4.686 mal gespielt
    4.480 seit der letzten Aktualisierung
  • Das Durchschnittsergebnis liegt bei 13 aus 18
Antwortstatistiken
S-Bahn % Korrekt
Berlin
97%
München
96%
Hamburg
95%
Köln
91%
Rhein-Main
90%
Stuttgart
89%
Mitteldeutschland
85%
Bremen/Niedersachsen
83%
Nürnberg
82%
Dresden
80%
Hannover
79%
Rhein-Neckar
61%
Rhein-Ruhr
57%
Rostock
52%
Breisgau
51%
Mittelelbe
50%
Donau-Iller
32%
Ortenau
7%
Keine übereinstimmenden Quizze gefunden
Verteilung der Resultate
Anzahl Personen mit jedem Resultat
Perzentil nach korrekt beantworteten Fragen
Ihre Resultats-Entwicklung
Sie haben dieses Quiz seit der letzten Aktualisierung nicht gespielt